000 01032nas a2200349 4500
001 BR2013007404
003 BR-BrBNA
005 20231205122934.0
007 ta
008 230509b bl.|||p| |||| 00| 00por d
040 _aBR-BrBNA
_bpor
_cBiblioteca Nacional de Agricultura
041 _a(En)
072 _aL01; L73
100 1 _aAntunes, J.M.A.P.
100 1 _aAllendorf, S.D.
100 1 _aAppolinário, C.M.
100 1 _aPeres, M.G.
100 1 _aPerotta, J.H.
100 1 _aNeves, T.B.
100 1 _aDeconto, I.
100 1 _aBarros Filho, I.R.
100 1 _aBiondo, A.W.
100 1 _aMegid, J.
245 1 _aSerology for Brucella abortus in cart horses from an urban area in Brazil
650 _aCAVALO
650 _aBRUCELOSE
650 _aSORO-AGLUTINAÇÃO
650 _aZOONOSE
773 0 _tArquivo Brasileiro de Medicina Veterinária e Zootecnia (Brazil)
_xISSN 0102-0935
_g(Apr 2013), v. 65(2) p. 619-621
_wBR2013007404
909 _a202311
_bLúcia
_c55
_dLúcia Elande
942 _2AGRIS
_n0
_cANA
999 _c231362
_d231362